Sports Quiz

Random Sports or NHL Quiz

NHL Stats Leaders (1980s) Quiz Stats

Quiz Updated Mar 9, 2018

Challenge
Share
Tweet
Embed
Score 0/208 Timer 19:00
0 Plays Today
% Correct
Wayne Gretzky
94.5%
Wayne Gretzky
94.5%
Wayne Gretzky
94.5%
Wayne Gretzky
94.5%
Wayne Gretzky
94.5%
Wayne Gretzky
94.5%
Wayne Gretzky
94.5%
Wayne Gretzky
94.5%
Wayne Gretzky
94.5%
Wayne Gretzky
94.5%
Wayne Gretzky
94.5%
Mario Lemieux
77.6%
Mario Lemieux
77.6%
Mario Lemieux
77.6%
Mario Lemieux
77.6%
Mark Messier
77.5%
Mario Lemieux
75.9%
Mike Bossy
71.9%
Mike Bossy
71.9%
Mike Bossy
71.9%
Mike Bossy
71.9%
Mike Bossy
71.9%
Mike Bossy
71.9%
Mike Bossy
71.9%
Jari Kurri
70.8%
Jari Kurri
70.8%
Jari Kurri
70.8%
Jari Kurri
70.8%
Jari Kurri
70.8%
Jari Kurri
70.8%
Jari Kurri
70.8%
Jari Kurri
70.8%
Jari Kurri
70.8%
Mike Bossy
70.2%
Paul Coffey
69.5%
Paul Coffey
69.5%
Paul Coffey
69.5%
Paul Coffey
69.5%
Paul Coffey
69.5%
Paul Coffey
69.5%
Raymond Bourque
69%
Raymond Bourque
69%
Raymond Bourque
69%
Raymond Bourque
69%
Raymond Bourque
65.4%
Billy Smith
64.2%
Billy Smith
64.2%
Billy Smith
64.2%
Bobby Smith
64.2%
Bobby Smith
64.2%
Patrick Roy
64%
Patrick Roy
64%
Bryan Trottier
61.9%
Bryan Trottier
61.9%
Bryan Trottier
61.9%
Billy Smith
61.6%
Patrick Roy
61.4%
Steve Yzerman
61%
Grant Fuhr
60.6%
Grant Fuhr
60.6%
Marcel Dionne
60.3%
Marcel Dionne
60.3%
Marcel Dionne
60.3%
Marcel Dionne
60.3%
Marcel Dionne
60.3%
Marcel Dionne
60.3%
Marcel Dionne
60.3%
Peter Stastny
57%
Peter Stastny
57%
Peter Stastny
57%
% Correct
Peter Stastny
57%
Peter Stastny
57%
Denis Potvin
56.7%
Denis Potvin
56.7%
Denis Potvin
56.7%
Brett Hull
56.4%
Glenn Anderson
55.5%
Mark Howe
53.9%
Mark Howe
53.9%
Mark Howe
53.9%
Mark Howe
53.9%
Denis Savard
53.1%
Denis Savard
53.1%
Denis Savard
53.1%
Mike Gartner
50.4%
Mike Gartner
50.4%
Ron Hextall
50.3%
Mike Gartner
49.5%
Dale Hawerchuk
49.1%
Dale Hawerchuk
49.1%
Michel Goulet
48.3%
Michel Goulet
48.3%
Michel Goulet
48.3%
Michel Goulet
48.3%
Dale Hawerchuk
48.2%
Ron Hextall
47.9%
Luc Robitaille
47.3%
Luc Robitaille
47.3%
Tiger Williams
47%
Larry Robinson
45.7%
Larry Robinson
45.7%
Bryan Trottier
45.4%
Andy Moog
45.2%
Andy Moog
45.2%
Al MacInnis
44.6%
Bernie Nicholls
44.4%
Bernie Nicholls
44.4%
Bernie Federko
42.4%
Bernie Federko
42.4%
Brian Leetch
42.4%
Dino Ciccarelli
40.3%
Brian Leetch
40.2%
Phil Housley
39.8%
Mike Liut
38.8%
Mike Liut
38.8%
Mike Liut
38.8%
Tim Kerr
38.7%
Tim Kerr
38.7%
Doug Wilson
38.4%
Doug Wilson
38.4%
Larry Murphy
38%
Tom Barrasso
37.2%
Tom Barrasso
37.2%
Dale Hunter
36.1%
Tim Hunter
36%
Brian Propp
35.7%
Brian Propp
35.7%
Mike Vernon
35.3%
Pete Peeters
33.6%
Pete Peeters
33.6%
Pete Peeters
33.6%
Gary Suter
33.1%
Kevin Lowe
32.7%
Pete Peeters
32.5%
Rob Brown
32.5%
Rob Brown
32.5%
Rob Brown
32.5%
Rick Vaive
31.5%
Rick Vaive
31.5%
Dennis Maruk
30.9%
% Correct
Pelle Lindbergh
30.8%
Pelle Lindbergh
30.2%
Joe Nieuwendyk
29.3%
Joe Nieuwendyk
29.3%
Chris Nilan
28.4%
Richard Brodeur
28.3%
Bll Ranford
27.9%
Bill Ranford
27.8%
Charlie Simmer
27.5%
Charlie Simmer
27.5%
Randy Carlyle
27.4%
Jimmy Carson
25.7%
Reggie Lemelin
24%
Reggie Lemelin
24%
Kelly Hrudey
23.1%
Rick Middleton
23%
Bill Barber
22.3%
Tony Esposito
22.3%
Paul MacLean
21.9%
Craig Simpson
20.9%
Gordie Roberts
20.5%
Jon Casey
20.1%
Dave Babych
18.1%
John Tonelli
18%
Reed Larson
17.8%
Guy Carbonneau
17.6%
Dave Poulin
16.9%
Greg Millen
16.3%
Greg Millen
16.3%
Greg Millen
16.3%
Blaine Stoughton
15.8%
Bob Froese
15.7%
Bob Froese
15.7%
Rick Wamsley
15.6%
Bob Froese
15.4%
Al Secord
15.3%
Rick Wamsley
14.7%
Rick Wamsley
14.7%
Gilles Meloche
14.5%
Gilles Meloche
14.5%
Clint Malarchuk
14.5%
Brad McCrimmon
14.1%
Mike Foligno
13.9%
Mike Foligno
13.9%
Paul Reinhart
13.9%
Bob Sauve
13.5%
Glen Hanlon
13.5%
Bob Sauve
13.5%
Glen Hanlon
13.5%
Warren Young
13.3%
Reggie Lemelin
12.8%
Reggie Lemelin
12.8%
Rob Ramage
11.1%
Brad Marsh
10.5%
Willi Plett
10.2%
Pat Riggin
9.8%
Richard Sevigny
9.1%
Ray Ferraro
8.2%
Doug Smail
8.2%
Laurie Boschman
7.9%
Glen Hanlon
7.5%
Larry Playfair
6.9%
Dan Bouchard
6.7%
Allan Bester
6%
Steve Vickers
4.5%
Jim Korn
4.4%
Al Jensen
3.5%
Matti Hagman
2.5%

You're not logged in!

Compare scores with friends on all Sporcle quizzes.
Sign Up with Email
OR
Log In

You Might Also Like...

Show Comments

Extras

Top Quizzes Today


Score Distribution

Your Account Isn't Verified!

In order to create a playlist on Sporcle, you need to verify the email address you used during registration. Go to your Sporcle Settings to finish the process.

Report this User

Report this user for behavior that violates our Community Guidelines.

Details: